[Event "M.Chigorin Memorial 2014"]
[Site "St. Petersburg"]
[Date "2014.10.18"]
[Round "1.41"]
[White "Reshetnikov, Ruslan"]
[Black "Pridorozhni, Aleksei"]
[Result "0-1"]
[WhiteElo "2106"]
[BlackElo "2514"]
[PlyCount "142"]
[EventDate "2014.10.18"]
[EventType "swiss"]
[EventCountry "RUS"]

1. d4 e6 2. c4 b6 3. Nf3 Bb7 4. Bg5 Be7 5. Bxe7 Qxe7 6. Nbd2 Nf6 7. e3 d6 8.
Be2 e5 9. O-O O-O 10. Rc1 Nbd7 11. Nb1 Ne4 12. Nc3 Nxc3 13. Rxc3 f5 14. Nd2 c5
15. Re1 Rae8 16. d5 Bc8 17. a3 e4 18. b4 Qf6 19. Rb3 f4 20. Bg4 fxe3 21. Rbxe3
Qxf2+ 22. Kh1 Ne5 23. Bxc8 Rxc8 24. Nxe4 Qf4 25. g3 Qh6 26. bxc5 dxc5 27. Qe2
Qg6 28. Nd6 Qxd6 29. Rxe5 Rc7 30. Re8 Rcf7 31. Qe6 Qxe6 32. R1xe6 Rf1+ 33. Kg2
R1f2+ 34. Kh3 Rc2 35. d6 Rd2 36. R8e7 Rd8 37. Rxa7 R2xd6 38. Ree7 Rg6 39. Red7
Re8 40. Re7 Rf8 41. a4 h6 42. a5 bxa5 43. Rxa5 Rf5 44. Rc7 Rgg5 45. Kg2 Re5 46.
h4 Rg4 47. Rcxc5 Re3 48. Ra8+ Kh7 49. h5 Rexg3+ 50. Kf2 Rh3 51. Raa5 Rc3 52.
Ra4 Rd4 53. Ke2 Rh4 54. Kd2 Rg3 55. Rd5 Rh2+ 56. Kc1 Rg1+ 57. Rd1 Rg5 58. Rd5
Rhxh5 59. Rxg5 Rxg5 60. Kd2 h5 61. Ke3 Rg4 62. Kf3 Kh6 63. Ra6+ g6 64. c5 Rc4
65. c6 h4 66. Rb6 Kh5 67. Ra6 g5 68. Rb6 g4+ 69. Kf2 Rc2+ 70. Kg1 h3 71. Rb5+
Kh4 0-1

[Event "M.Chigorin Memorial 2014"]
[Site "St. Petersburg"]
[Date "2014.10.18"]
[Round "1.49"]
[White "Gyokbulut, Julia"]
[Black "Alekseenko, Kirill"]
[Result "0-1"]
[WhiteElo "2086"]
[BlackElo "2483"]
[PlyCount "80"]
[EventDate "2014.10.18"]
[EventType "swiss"]
[EventCountry "RUS"]

1. d4 Nf6 2. c4 e6 3. Nc3 Bb4 4. e3 O-O 5. Bd3 d5 6. cxd5 exd5 7. Nge2 Bg4 8.
a3 Bd6 9. Qc2 Bh5 10. Bd2 c6 11. h3 Qe7 12. O-O Bg6 13. b4 Nbd7 14. Bxg6 hxg6
15. b5 c5 16. dxc5 Nxc5 17. Nd4 Rfd8 18. Na4 Nce4 19. Ba5 Rdc8 20. Qb3 Qd7 21.
f4 b6 22. Be1 Nc5 23. Nxc5 bxc5 24. Nf3 c4 25. Qb2 Bc5 26. Bf2 Ne4 27. Rfd1 Qe8
28. Ne5 f6 29. Ng4 Rd8 30. a4 Rac8 31. Rac1 g5 32. g3 Rd6 33. Kg2 Qg6 34. Be1
Qh5 35. Bf2 Re8 36. Re1 f5 37. Ne5 gxf4 38. gxf4 Rxe5 39. Qxe5 Rg6+ 40. Kh2
Nxf2 0-1

[Event "M.Chigorin Memorial 2014"]
[Site "St. Petersburg"]
[Date "2014.10.18"]
[Round "1.112"]
[White "Musaev, Rasul"]
[Black "Zakharov, Nikita"]
[Result "1-0"]
[WhiteElo "2316"]
[BlackElo "1891"]
[PlyCount "65"]
[EventDate "2014.10.18"]
[EventType "swiss"]
[EventCountry "RUS"]

1. e4 c6 2. d4 d5 3. e5 c5 4. dxc5 Nc6 5. Bb5 e6 6. Be3 Qc7 7. Nf3 Nge7 8. c3
Bd7 9. Bxc6 Nxc6 10. Bd4 Be7 11. O-O O-O 12. Nbd2 a5 13. Re1 h6 14. Rc1 Rfc8
15. Nf1 Ra6 16. Ne3 Bf8 17. g4 Be7 18. Kh1 Qd8 19. Rg1 Bg5 20. Qf1 Na7 21. Nxg5
Qxg5 22. f4 Qh4 23. Qf3 Bb5 24. Rg3 Qe7 25. Rcg1 Bd3 26. Nxd5 Qd7 27. Ne7+ Qxe7
28. Qxd3 Nc6 29. g5 hxg5 30. Rxg5 g6 31. Rxg6+ fxg6 32. Qxg6+ Kh8 33. Qh6+ 1-0

[Event "M.Chigorin Memorial 2014"]
[Site "St. Petersburg"]
[Date "2014.10.18"]
[Round "1.138"]
[White "Isakov, Andrey"]
[Black "Shakhmatov, Roman"]
[Result "1-0"]
[WhiteElo "2258"]
[BlackElo "1775"]
[PlyCount "61"]
[EventDate "2014.10.18"]
[EventType "swiss"]
[EventCountry "RUS"]

1. e4 e6 2. d4 d5 3. Nc3 Bb4 4. Nge2 Nc6 5. a3 Ba5 6. e5 f6 7. Nf4 Qe7 8. Bb5
Bd7 9. Bxc6 Bxc3+ 10. bxc3 Bxc6 11. Qh5+ Kd7 12. O-O f5 13. Re1 Rd8 14. c4 Kc8
15. cxd5 Bxd5 16. Nxd5 Rxd5 17. Bg5 g6 18. Qh4 Qd7 19. c3 h5 20. Be3 Ne7 21. c4
Ra5 22. Qf6 Re8 23. d5 exd5 24. e6 Qa4 25. Bd2 dxc4 26. Bxa5 Qxa5 27. Qf7 Qb5
28. Rad1 Nd5 29. Rxd5 Qxd5 30. Qxe8+ Qd8 31. Qf7 1-0